LEADER 01649cam a22003374a 4500 001 000000128902 003 CaOOAMICUS 005 20120518105815.0 008 120518s2011 vc da b 000 0 eng r 020 $a978-88-95565-64-4 040 $aPUL$bita 082 04$a570.1 245 00$aMoral behavior and free will :$ba neurobiological and philosophical approach /$cedited by Juan José Sanguineti, Ariberto Acerbi and José Angel Lombo. 260 $aVatican City :$bPontificium Consilium de Cultura,$c©2011$aMorolo (Fr) :$bIF Press 300 $a428 p. :$bgrafici, ill. ;$c24 cm. 490 1 $aSTOQ project research series ;$v13 504 $aInclude bibliografia. 650 4$aBiologia e filosofia.$0(OLS)http://pul/subject/38682 700 1 $aSanguineti, Juan José.$0(OLS)http://pul/name/38659 700 1 $aLombo, José Angel.$0(OLS)http://pul/name/70073 700 1 $aAcerbi, Ariberto.$0(OLS)http://pul/name/51808 830 0$aSTOQ project research series ;$v13.$0(OLS)http://pul/title/143449 850 $aPUL 852 $aPUL$W1$xSL Cons. Gen., Altre Classi 3$y75$m570. 1 SANJO 1$j149292$qDDC 21$B147814$CPULBib$Z2$F147814 $H119559 $82 941 1 $a9 996 $6020$a978-88-95565-64-4$9(OLS)http://pul/number/149691 996 $6082$a570.1$9(OLS)http://pul/classification/500 996 $6245$aMoral behavior and free will :$ba neurobiological and philosophical approach$9(OLS)http://pul/title/162889 996 $6260$aVatican City :$bPontificium Consilium de Cultura$9(OLS)http://pul/publisher/81995 996 $6260$aMorolo (Fr) :$bIF Press$9(OLS)http://pul/publisher/81996 LEADER 00733naa a2200193 u 4500 001 000000095068 003 CaOOAMICUS 005 20070226130141.0 008 040525s1976 it u000 u ita u 035 $a10996578 040 $aIAR$bita 100 1 $aPrandi, Adriano,$d1900-1979.$0(OLS)http://pul/name/5012 245 10$aOsservazioni sull'abbazia di Farfa /$cAdriano Prandi. 260 $aRoma :$bMultigrafica,$c1976. 300 $aS. 357-368, ;$c31 cm 773 0 $aRoma e l'età carolingia. 773 0 $tRoma e l'età carolingia : Atti delle giornate di studio, 3-8 maggio, 1976$w()24249 996 $6245$aOsservazioni sull'abbazia di Farfa$9(OLS)http://pul/title/121953 996 $6260$aRoma :$bMultigrafica$9(OLS)http://pul/publisher/49684